Notas preliminares relativas a un reconocimiento geológico por el curso del Atoyac (río Verde) de Oaxaca, (Record no. 25258)

MARC details
000 -LEADER
fixed length control field 00835cam a22002291 4500
001 - CONTROL NUMBER
control field gs 13000414
003 - CONTROL NUMBER IDENTIFIER
control field DLC
005 - DATE AND TIME OF LATEST TRANSACTION
control field 20260227111314.0
008 - FIXED-LENGTH DATA ELEMENTS--GENERAL INFORMATION
fixed length control field 870304s1912 mx 000 0 spa c
010 ## - LIBRARY OF CONGRESS CONTROL NUMBER
LC control number gs 13000414
035 ## - SYSTEM CONTROL NUMBER
System control number (OCoLC)15268421
040 ## - CATALOGING SOURCE
Original cataloging agency U.S. Geol. survey. Library
Transcribing agency TxDaM
Modifying agency DLC
042 ## - AUTHENTICATION CODE
Authentication code premarc
050 00 - LIBRARY OF CONGRESS CALL NUMBER
Classification number QE201
Item number .A3 t. 4, núm. 1
100 1# - MAIN ENTRY--PERSONAL NAME
Personal name Waitz, Paul,
Dates associated with a name 1876-
245 10 - TITLE STATEMENT
Title Notas preliminares relativas a un reconocimiento geológico por el curso del Atoyac (río Verde) de Oaxaca,
Statement of responsibility, etc. por Paul Waitz.
260 ## - PUBLICATION, DISTRIBUTION, ETC.
Place of publication, distribution, etc. México,
Name of publisher, distributor, etc. Imprenta y fototipia de la Secretaría de fomento,
Date of publication, distribution, etc. 1912.
300 ## - PHYSICAL DESCRIPTION
Extent 32 p.
Dimensions 23 cm.
490 0# - SERIES STATEMENT
Series statement Mexico. Instituto geológico. Parergones.
Volume/sequential designation t. IV, núm. 1
500 ## - GENERAL NOTE
General note At head of title: Instituto geológico de México ...
650 #0 - SUBJECT ADDED ENTRY--TOPICAL TERM
Topical term or geographic name entry element Geology
Geographic subdivision Mexico
-- Oaxaca.

No items available.

Powered by Koha